| 000 | 03540nam0a22006371 4500 | ||
|---|---|---|---|
| 001 | RU\NLR\A1\25279 | ||
| 005 | 20260408064900.0 | ||
| 035 | _a(NLR Aleph) 009679603 | ||
| 090 |
_a9696735 _c9696735 |
||
| 100 | _a19990412d1763 u y0rusy50 ca | ||
| 101 | 0 | _arus | |
| 102 | _aRU | ||
| 200 | 1 |
_aУказы всепресветлейшей, державнейшей, великой государыни императрицы, Екатерины Алексеевны, самодержицы всероссийской, _eСостоявшиеся с благополучнейшаго вступления ея императорскаго величества на всероссийский императорский престол, с 28 июня, 1762 по 1763 год. _fНапечатаны по всевысочайшему ея императорскаго величества повелению |
|
| 210 |
_aМ. _cПеч. при Сенате _d1763 |
||
| 215 |
_a206, [1] с. _d8° |
||
| 306 | _aСудя по шрифтам и сведениям Реестров Унив. кн. лавки 1763 г. и 1764 г., кн. напеч. в Унив. тип. (Реестр Унив. кн. лавки [1763 г.], с.7 - "еще печатаются"; Реестр Унив. кн. лавки 1764 г. - продается в Москве по 39 к., в Петербурге по 42 к.). В.Е.Адодуров, куратор Моск. ун-та, посылавший Г.Ф.Миллеру издания Моск. ун-та, 8.XII.1763 г. просил его уточнить, послал ли он ему уже "Указную с 28 июня 1762 по 1763 год книгу". Это также является косв. подтверждением того, что кн. была напеч. в тип. Моск. ун-та | ||
| 317 |
_aЭкз. ММУО из б-ки П.Ф.Симсона _5ММУО |
||
| 321 | 1 | _aСК XVIII 7468 | |
| 321 | 1 | _aСК XVIII. Доп. С.123 | |
| 620 | _dМосква | ||
| 702 | 0 |
_4720 _8rus _7ca _aЕкатерина _cимператрица российская _dII _f1729-1796 _3RU\NLR\AUTH\772098 _9112115 |
|
| 702 | 1 |
_4570 _aАдодуров _bВ. Е. _f1709-1780 _gВасилий Евдокимович _9145285 _3RU\NLR\AUTH\770145321 |
|
| 702 | 1 |
_6z01702 _aМиллер _bГ.Ф. _f1705-1783 _gГерард Фридрих _4570 |
|
| 702 | 1 |
_6z01702 _aMüller _bG.F. _gGerhard Friedrich _7ba |
|
| 702 | 1 |
_aСимсон _bП.Ф. _f1845- _gПавел Федорович _4390 |
|
| 710 | 0 | 1 |
_4720 _aРоссия _bИмператрица _c1762-1796; Екатерина II _3RU\NLR\AUTH\8810042741 _9584929 |
| 712 | 0 | 2 |
_aСенатская типография _cМосква _4610 |
| 712 | 0 | 2 |
_aМосковский университет _bТипография _4610 |
| 801 | 0 |
_aRU _bNLR _c19990412 |
|
| 852 |
_aNLR _j138/2575 |
||
| 852 |
_aNLR _j18.71.4.34а |
||
| 852 |
_aNLR _j18.71.4.34 |
||
| 899 | _aММУО | ||
| 899 | _aЗНБ ВГУ | ||
| 899 |
_aВГБИЛ _yЭкз. деф. |
||
| 899 | _aРГБ | ||
| 899 | _aБАН | ||
| 899 | _aМГУ | ||
| 899 | _aГПИБ | ||
| 899 | _aАстОНБ | ||
| 899 |
_aЗНБ СГУ _y2 экз. |
||
| 899 | _aДГПБ | ||
| 899 | _aУОНБ | ||
| 899 | _aЯИАМЗ | ||
| 899 | _aГМЗРК | ||
| 899 | _aРГГУ | ||
| 899 | _aГМПИР | ||
| 899 | _aНГОНБ | ||
| 899 | _aИГКМ | ||
| 899 | _aВМП | ||
| 899 |
_aНБЛ КГУ _y4 экз. |
||
| 942 | _cBOOK | ||
| 980 | _aNB | ||
| 980 | 9 | _akprsl | |
| 980 | _aA1XVIIIv | ||